00745nam a22002297a 450000500170000001000150001702000260003202000230005803500130008103700130009408200100010710000210011724501290013825000110026726000440027827000460032230000270036850000510039565000280044670000190047470000220049320140505113022.0 aENG-109662 c575.00a9781259026744 c575.00a1259026744 aEN-93195 bDBAD/PUB a155.2 aLarsen, Randy J.00aPersonality psychology :cby Randy J. Larsen, David M. Buss [and] Megha U. Deuskarbdomains of knowlege about human nature / a4th ed aNew DelhibMcGraw Hill Education c2014 aP-24, Green Park Extn.bNew Delhie110016 axxvii,711p.c24cm(pbk) aIncludes bibliographical references and index  aPersonalityvTextbooks. aBuss, David M. aDeuskar, Megha U.